{"text_format":"3","workbook":"xlsx","n_sheets":1,"sheets":["t282"],"read":"whole","date_system":"1900"}

{"sheet":"t282","index":0,"n_rows":169,"n_cols":7,"rows_kept":169,"merged":[[0,0,0,6],[30,0,30,5],[48,0,48,5],[146,0,146,5]]}
["TABELA 282.1 - Estatísticas Agrícolas, Município de Jambeiro, Estado de São Paulo, 2007/08."]
["ITEM","UNIDADE","N.DE UPAs","MÍNIMO","MÉDIO","MÁXIMO","TOTAL"]
["Distância à sede do município","km",209,{"v":0.15,"d":"0.2"},{"v":8.74,"d":"8.7"},29.5,"-"]
["Área total","hectare",209,2.4,{"v":83.43,"d":"83.4"},{"v":1603,"d":"1,603.0"},{"v":17437.4,"d":"17,437.4"}]
["Área com cultura perene","hectare",53,0.1,{"v":1.01,"d":"1.0"},{"v":5,"d":"5.0"},53.3]
["Área com cultura temporária","hectare",44,0.3,{"v":3.25,"d":"3.3"},{"v":20,"d":"20.0"},143.1]
["Área com pastagem","hectare",201,0.5,{"v":57.41,"d":"57.4"},{"v":655,"d":"655.0"},{"v":11538.5,"d":"11,538.5"}]
["Área com reflorestamento","hectare",39,0.5,{"v":79.28,"d":"79.3"},{"v":1148.5,"d":"1,148.5"},{"v":3092,"d":"3,092.0"}]
["Área com vegetação natural","hectare",170,0.1,11.8,{"v":360,"d":"360.0"},{"v":2005.5,"d":"2,005.5"}]
["Área com vegetação de brejo e várzea","hectare",10,0.1,{"v":4.26,"d":"4.3"},18.2,42.6]
["Área em descanso","hectare",26,0.5,{"v":5.36,"d":"5.4"},29.8,139.4]
["Área complementar","hectare",201,0.1,2.1,68.5,{"v":423,"d":"423.0"}]
["Área das UPAs com (0, 1] ha","hectare","-","-","-","-","-"]
["Área das UPAs com (1, 2] ha","hectare","-","-","-","-","-"]
["Área das UPAs com (2, 5] ha","hectare",21,2.4,{"v":3.52,"d":"3.5"},4.8,{"v":74,"d":"74.0"}]
["Área das UPAs com (5, 10] ha","hectare",23,5.1,{"v":7.25,"d":"7.3"},{"v":10,"d":"10.0"},166.7]
["Área das UPAs com (10, 20] ha","hectare",30,10.8,{"v":14.87,"d":"14.9"},19.3,446.2]
["Área das UPAs com (20, 50] ha","hectare",38,20.6,{"v":30.72,"d":"30.7"},{"v":50,"d":"50.0"},{"v":1167.5,"d":"1,167.5"}]
["Área das UPAs com (50, 100] ha","hectare",47,50.4,{"v":72.91,"d":"72.9"},99.2,{"v":3427,"d":"3,427.0"}]
["Área das UPAs com (100, 200] ha","hectare",35,101.6,{"v":143.12,"d":"143.1"},{"v":200,"d":"200.0"},{"v":5009.2,"d":"5,009.2"}]
["Área das UPAs com (200, 500] ha","hectare",10,{"v":201,"d":"201.0"},{"v":316.54,"d":"316.5"},441.8,{"v":3165.4,"d":"3,165.4"}]
["Área das UPAs com (500, 1.000] ha","hectare",4,{"v":513,"d":"513.0"},594.6,{"v":677,"d":"677.0"},{"v":2378.4,"d":"2,378.4"}]
["Área das UPAs com (1.000, 2.000] ha","hectare",1,{"v":1603,"d":"1,603.0"},{"v":1603,"d":"1,603.0"},{"v":1603,"d":"1,603.0"},{"v":1603,"d":"1,603.0"}]
["Área das UPAs com (2.000, 5.000] ha","hectare","-","-","-","-","-"]
["Área das UPAs com (5.000, 10.000] ha","hectare","-","-","-","-","-"]
["Área das UPAs acima de 10.000 ha","hectare","-","-","-","-","-"]
["Familiares do proprietário que trabalham na UPA","unidade",95,{"v":1,"d":"1.0"},{"v":1.73,"d":"1.7"},{"v":5,"d":"5.0"},{"v":164,"d":"164.0"}]
["Trabalhadores permanentes","unidade",109,{"v":1,"d":"1.0"},2.5,{"v":70,"d":"70.0"},{"v":272,"d":"272.0"}]
["Fonte: Secretaria de Agricultura e Abastecimento, CDRS/IEA, Projeto LUPA."]
[]
["TABELA 282.2 - Explorações Animais, Município de Jambeiro, Estado de São Paulo, 2007/08."]
["ITEM","UNIDADE","N.DE UPAs","MÍNIMO","MÉDIO","MÁXIMO","TOTAL"]
["Apicultura","colmeias",2,{"v":10,"d":"10.0"},{"v":31,"d":"31.0"},{"v":52,"d":"52.0"},{"v":62,"d":"62.0"}]
["Asininos E Muares","cabeças",6,{"v":1,"d":"1.0"},1.5,{"v":3,"d":"3.0"},{"v":9,"d":"9.0"}]
["Avicultura de Corte","cabeças/ano",30,{"v":2,"d":"2.0"},{"v":38.73,"d":"38.7"},{"v":150,"d":"150.0"},{"v":1162,"d":"1,162.0"}]
["Avicultura Ornamental/Decorativa/Exótica","cabeças",9,{"v":5,"d":"5.0"},{"v":31.33,"d":"31.3"},{"v":120,"d":"120.0"},{"v":282,"d":"282.0"}]
["Avicultura para Ovos","cabeças",24,{"v":10,"d":"10.0"},{"v":79.38,"d":"79.4"},{"v":500,"d":"500.0"},{"v":1905,"d":"1,905.0"}]
["Bovinocultura de Corte","cabeças",60,{"v":3,"d":"3.0"},{"v":55.35,"d":"55.4"},{"v":400,"d":"400.0"},{"v":3321,"d":"3,321.0"}]
["Bovinocultura Leiteira","cabeças",53,{"v":1,"d":"1.0"},{"v":55.17,"d":"55.2"},{"v":220,"d":"220.0"},{"v":2924,"d":"2,924.0"}]
["Bovinocultura Mista","cabeças",79,{"v":1,"d":"1.0"},{"v":40.04,"d":"40.0"},{"v":160,"d":"160.0"},{"v":3163,"d":"3,163.0"}]
["Caprinocultura","cabeças",1,{"v":14,"d":"14.0"},{"v":14,"d":"14.0"},{"v":14,"d":"14.0"},{"v":14,"d":"14.0"}]
["Equinocultura","cabeças",128,{"v":1,"d":"1.0"},{"v":3.57,"d":"3.6"},{"v":21,"d":"21.0"},{"v":457,"d":"457.0"}]
["Minhocultura","canteiros",1,{"v":7,"d":"7.0"},{"v":7,"d":"7.0"},{"v":7,"d":"7.0"},{"v":7,"d":"7.0"}]
["Ovinocultura","cabeças",7,{"v":4,"d":"4.0"},{"v":49.86,"d":"49.9"},{"v":184,"d":"184.0"},{"v":349,"d":"349.0"}]
["Piscicultura","m² tanques",13,{"v":150,"d":"150.0"},{"v":3450,"d":"3,450.0"},{"v":15000,"d":"15,000.0"},{"v":44850,"d":"44,850.0"}]
["Suinocultura","cabeças",30,{"v":1,"d":"1.0"},{"v":773.87,"d":"773.9"},{"v":22816,"d":"22,816.0"},{"v":23216,"d":"23,216.0"}]
["Fonte: Secretaria de Agricultura e Abastecimento, CDRS/IEA, Projeto LUPA."]
[]
["TABELA 282.3 -  Máquinas, Implementos e Benfeitorias, Município de Jambeiro, Estado de São Paulo, 2007/08."]
["ITEM","UNIDADE","N.DE UPAs","MÍNIMO","MÉDIO","MÁXIMO","TOTAL"]
["Arado Comum (Bacia, Aiveca)","Unidade",16,{"v":1,"d":"1.0"},{"v":1.06,"d":"1.1"},{"v":2,"d":"2.0"},{"v":17,"d":"17.0"}]
["Arado Escarificador","Unidade",24,{"v":1,"d":"1.0"},{"v":1.54,"d":"1.5"},{"v":3,"d":"3.0"},{"v":37,"d":"37.0"}]
["Arado Subsolador","Unidade",5,{"v":1,"d":"1.0"},{"v":1,"d":"1.0"},{"v":1,"d":"1.0"},{"v":5,"d":"5.0"}]
["Batedeira de Cereais","Unidade",6,{"v":1,"d":"1.0"},{"v":1,"d":"1.0"},{"v":1,"d":"1.0"},{"v":6,"d":"6.0"}]
["Câmara Fria","Unidade",1,{"v":1,"d":"1.0"},{"v":1,"d":"1.0"},{"v":1,"d":"1.0"},{"v":1,"d":"1.0"}]
["Carregadeira de Cana","Unidade",4,{"v":1,"d":"1.0"},{"v":3,"d":"3.0"},{"v":8,"d":"8.0"},{"v":12,"d":"12.0"}]
["Conj.Irrigação/Gotejamento/Microaspersão","Unidade",1,{"v":1,"d":"1.0"},{"v":1,"d":"1.0"},{"v":1,"d":"1.0"},{"v":1,"d":"1.0"}]
["Desintegrador, Picador, Triturador","Unidade",133,{"v":1,"d":"1.0"},{"v":1.29,"d":"1.3"},{"v":4,"d":"4.0"},{"v":172,"d":"172.0"}]
["Distribuidor de Calcário","Unidade",3,{"v":1,"d":"1.0"},{"v":1,"d":"1.0"},{"v":1,"d":"1.0"},{"v":3,"d":"3.0"}]
["Ensiladeira","Unidade",9,{"v":1,"d":"1.0"},{"v":1.33,"d":"1.3"},{"v":3,"d":"3.0"},{"v":12,"d":"12.0"}]
["Grade Aradora (Tipo Romi)","Unidade",12,{"v":1,"d":"1.0"},{"v":1.08,"d":"1.1"},{"v":2,"d":"2.0"},{"v":13,"d":"13.0"}]
["Grade Niveladora","Unidade",6,{"v":1,"d":"1.0"},{"v":1,"d":"1.0"},{"v":1,"d":"1.0"},{"v":6,"d":"6.0"}]
["Implementos para Tração Animal","Unidade",21,{"v":1,"d":"1.0"},{"v":1.48,"d":"1.5"},{"v":4,"d":"4.0"},{"v":31,"d":"31.0"}]
["Microtrator","Unidade",2,{"v":1,"d":"1.0"},{"v":1,"d":"1.0"},{"v":1,"d":"1.0"},{"v":2,"d":"2.0"}]
["Misturador de Ração","Unidade",10,{"v":1,"d":"1.0"},1.1,{"v":2,"d":"2.0"},{"v":11,"d":"11.0"}]
["Ordenhadeira Mecânica","Unidade",25,{"v":1,"d":"1.0"},{"v":1.12,"d":"1.1"},{"v":2,"d":"2.0"},{"v":28,"d":"28.0"}]
["Pulverizador Tratorizado","Unidade",2,{"v":1,"d":"1.0"},{"v":1,"d":"1.0"},{"v":1,"d":"1.0"},{"v":2,"d":"2.0"}]
["Resfriador de Leite, Tanque Expansão","Unidade",36,{"v":1,"d":"1.0"},{"v":1,"d":"1.0"},{"v":1,"d":"1.0"},{"v":36,"d":"36.0"}]
["Semeadeira/Adubadeira para Plantio Convencional","Unidade",1,{"v":1,"d":"1.0"},{"v":1,"d":"1.0"},{"v":1,"d":"1.0"},{"v":1,"d":"1.0"}]
["Semeadeira/Plantadeira Plantio Direto","Unidade",6,{"v":1,"d":"1.0"},{"v":1.17,"d":"1.2"},{"v":2,"d":"2.0"},{"v":7,"d":"7.0"}]
["Terraceador","Unidade",10,{"v":1,"d":"1.0"},1.3,{"v":2,"d":"2.0"},{"v":13,"d":"13.0"}]
["Trator de Esteiras","Unidade",1,{"v":1,"d":"1.0"},{"v":1,"d":"1.0"},{"v":1,"d":"1.0"},{"v":1,"d":"1.0"}]
["Trator de Pneus","Unidade",46,{"v":1,"d":"1.0"},{"v":1.33,"d":"1.3"},{"v":6,"d":"6.0"},{"v":61,"d":"61.0"}]
["Açude/Represa","Unidade",96,{"v":1,"d":"1.0"},{"v":2.08,"d":"2.1"},{"v":9,"d":"9.0"},{"v":200,"d":"200.0"}]
["Almoxarifado/Oficina","Unidade",17,{"v":1,"d":"1.0"},{"v":1,"d":"1.0"},{"v":1,"d":"1.0"},{"v":17,"d":"17.0"}]
["Armazém para Grãos Ensacados","Sacas",1,{"v":1,"d":"1.0"},{"v":1,"d":"1.0"},{"v":1,"d":"1.0"},{"v":1,"d":"1.0"}]
["Balança para Bovinos","Unidade",5,{"v":1,"d":"1.0"},{"v":1,"d":"1.0"},{"v":1,"d":"1.0"},{"v":5,"d":"5.0"}]
["Balança para Veículos","Unidade",1,{"v":1,"d":"1.0"},{"v":1,"d":"1.0"},{"v":1,"d":"1.0"},{"v":1,"d":"1.0"}]
["Barracão para Granja/Avicultura","Unidade",14,{"v":1,"d":"1.0"},{"v":1.36,"d":"1.4"},{"v":3,"d":"3.0"},{"v":19,"d":"19.0"}]
["Barracão/Galpão/Garagem","Unidade",78,{"v":1,"d":"1.0"},{"v":1.24,"d":"1.2"},{"v":6,"d":"6.0"},{"v":97,"d":"97.0"}]
["Casa de Moradia Habitada","Unidade",178,{"v":1,"d":"1.0"},{"v":2.29,"d":"2.3"},{"v":31,"d":"31.0"},{"v":407,"d":"407.0"}]
["Casa de Moradia Total","Unidade",185,{"v":1,"d":"1.0"},{"v":2.64,"d":"2.6"},{"v":31,"d":"31.0"},{"v":488,"d":"488.0"}]
["Curral/Mangueira","Unidade",144,{"v":1,"d":"1.0"},{"v":1.19,"d":"1.2"},{"v":7,"d":"7.0"},{"v":171,"d":"171.0"}]
["Depósito/Tulha","Unidade",62,{"v":1,"d":"1.0"},1.1,{"v":3,"d":"3.0"},{"v":68,"d":"68.0"}]
["Engenho","Unidade",1,{"v":1,"d":"1.0"},{"v":1,"d":"1.0"},{"v":1,"d":"1.0"},{"v":1,"d":"1.0"}]
["Estábulo","Unidade",78,{"v":1,"d":"1.0"},{"v":1.06,"d":"1.1"},{"v":2,"d":"2.0"},{"v":83,"d":"83.0"}]
["Estufa/Plasticultura","m²",1,{"v":40,"d":"40.0"},{"v":40,"d":"40.0"},{"v":40,"d":"40.0"},{"v":40,"d":"40.0"}]
["Fábrica de Ração","Unidade",2,{"v":1,"d":"1.0"},{"v":1,"d":"1.0"},{"v":1,"d":"1.0"},{"v":2,"d":"2.0"}]
["Instalações para Equinos","Unidade",6,{"v":1,"d":"1.0"},{"v":7.33,"d":"7.3"},{"v":13,"d":"13.0"},{"v":44,"d":"44.0"}]
["Olaria","Unidade",1,{"v":2,"d":"2.0"},{"v":2,"d":"2.0"},{"v":2,"d":"2.0"},{"v":2,"d":"2.0"}]
["Pocilga","Unidade",20,{"v":1,"d":"1.0"},3.4,{"v":44,"d":"44.0"},{"v":68,"d":"68.0"}]
["Poço Semi-Artesiano","Unidade",3,{"v":1,"d":"1.0"},{"v":1.67,"d":"1.7"},{"v":2,"d":"2.0"},{"v":5,"d":"5.0"}]
["Silo para Grãos","t",2,{"v":40,"d":"40.0"},{"v":100,"d":"100.0"},{"v":160,"d":"160.0"},{"v":200,"d":"200.0"}]
["Silo para Silagem","t",27,{"v":1,"d":"1.0"},134.7,{"v":600,"d":"600.0"},{"v":3637,"d":"3,637.0"}]
["Terreiro","m²",9,{"v":1,"d":"1.0"},{"v":450.56,"d":"450.6"},{"v":2000,"d":"2,000.0"},{"v":4055,"d":"4,055.0"}]
["Fonte: Secretaria de Agricultura e Abastecimento, CDRS/IEA, Projeto LUPA."]
[]
["TABELA 282.4 - Outras Estatísticas Agrícolas, Município de Jambeiro, Estado de São Paulo, 2007/08."]
["ITEM","Número de UPAs",null,"Percentual"]
["Faz Parte de Associação de Produtores",45,null,{"v":21.5311004784689,"d":"21.5"}]
["Faz Parte de Cooperativa de Produtores",58,null,{"v":27.7511961722488,"d":"27.8"}]
["Faz Parte do Sindicato de Produtores",74,null,{"v":35.4066985645933,"d":"35.4"}]
["Não utiliza assistência técnica ",51,null,{"v":24.401913875598087,"d":"24.4"}]
["Utiliza somente assistência técnica governamental ",48,null,{"v":22.966507177033492,"d":"23.0"}]
["Utiliza somente assistência técnica privada ",14,null,{"v":6.698564593301436,"d":"6.7"}]
["Utiliza assistência técnica tanto governamental quanto privada",96,null,{"v":45.933014354066984,"d":"45.9"}]
["Utiliza Crédito Rural",17,null,{"v":8.133971291866029,"d":"8.1"}]
["Utiliza Seguro Rural",2,null,{"v":0.9569377990430623,"d":"1.0"}]
["Utiliza Escrituração Agrícola",27,null,{"v":12.91866028708134,"d":"12.9"}]
["Acessa Internet p/ Fins na Agropecuária",7,null,{"v":3.349282296650718,"d":"3.3"}]
["Utiliza Computador nas Atividades Agropecuárias",7,null,{"v":3.349282296650718,"d":"3.3"}]
["Utiliza Energia Elétrica Para Uso na Atividade Agrícola",170,null,{"v":81.33971291866028,"d":"81.3"}]
["Realiza Análise de Solo, quando necessário",24,null,{"v":11.483253588516746,"d":"11.5"}]
["Utiliza Práticas de Conservação de Solo, quando necessário",65,null,{"v":31.100478468899524,"d":"31.1"}]
["Faz Adubação Mineral, quando necessário",82,null,{"v":39.23444976076555,"d":"39.2"}]
["Faz Adubação Orgânica, quando necessário",101,null,{"v":48.32535885167464,"d":"48.3"}]
["Faz Adubação Verde, quando necessário",5,null,{"v":2.3923444976076556,"d":"2.4"}]
["Utiliza Manejo Integrado de Pragas (MIP)","-",null,"-"]
["Utiliza Hidroponia","-",null,"-"]
["Utiliza Plasticultura",1,null,{"v":0.4784688995215311,"d":"0.5"}]
["Utiliza Mudas Fiscalizadas",10,null,{"v":4.784688995215311,"d":"4.8"}]
["Utiliza Semente Melhorada",72,null,{"v":34.44976076555024,"d":"34.4"}]
["Faz Confinamento de Bovinos",17,null,{"v":8.133971291866029,"d":"8.1"}]
["Utiliza Pastejo Intensivo",139,null,{"v":66.50717703349282,"d":"66.5"}]
["Faz Inseminação Artificial",17,null,{"v":8.133971291866029,"d":"8.1"}]
["Faz Mineralização do Rebanho",163,null,{"v":77.99043062200957,"d":"78.0"}]
["Faz Vermifugação do Rebanho",164,null,{"v":78.4688995215311,"d":"78.5"}]
["Possui Parceiros /Arrendatários na Exploração Animal",20,null,{"v":9.569377990430622,"d":"9.6"}]
["Esporte e lazer",9,null,{"v":4.30622009569378,"d":"4.3"}]
["Extração mineral","-",null,"-"]
["Hotel Fazenda, Pousada ou SPA",1,null,{"v":0.4784688995215311,"d":"0.5"}]
["Pesque-pague",2,null,{"v":0.9569377990430623,"d":"1.0"}]
["Restaurante ou Lanchonete",2,null,{"v":0.9569377990430623,"d":"1.0"}]
["Transformação artesanal","-",null,"-"]
["Turismo rural ou ecoturismo","-",null,"-"]
["Outras atividades econômicas rurais",1,null,{"v":0.4784688995215311,"d":"0.5"}]
["Agroindústria","-",null,"-"]
["Proprietário sem instrução ou com instrução incompleta","-",null,"-"]
["Proprietário com antigo primário completo",37,null,{"v":17.70334928229665,"d":"17.7"}]
["Proprietário com 1° grau (ou antigo ginasial) completo",54,null,{"v":25.83732057416268,"d":"25.8"}]
["Proprietário com 2° grau (ou antigo colegial) completo",44,null,{"v":21.052631578947366,"d":"21.1"}]
["Proprietário com curso superior completo ",66,null,{"v":31.578947368421055,"d":"31.6"}]
["Pessoa Jurídica",8,null,{"v":3.827751196172249,"d":"3.8"}]
["Proprietário residente na própria UPA ",76,null,{"v":36.36363636363637,"d":"36.4"}]
["Fonte: Secretaria de Agricultura e Abastecimento, CDRS/IEA, Projeto LUPA."]
[]
["TABELA 282.5 - Área Cultivada, Município de Jambeiro, Estado de São Paulo, 2007/08."]
["CULTURA","N.DE UPAs","MÍNIMO","MÉDIO","MÁXIMO","TOTAL"]
["Braquiaria",191,0.5,{"v":49.05,"d":"49.1"},{"v":586,"d":"586.0"},{"v":9369,"d":"9,369.0"}]
["Eucalipto",35,0.5,87.8,{"v":1148.5,"d":"1,148.5"},{"v":3073.1,"d":"3,073.1"}]
["Outras gramineas para pastagem",57,0.5,{"v":31.95,"d":"32.0"},{"v":183,"d":"183.0"},{"v":1821,"d":"1,821.0"}]
["Capim-napier (ou capim-elefante)",95,0.5,{"v":3.41,"d":"3.4"},{"v":35,"d":"35.0"},324.2]
["Milho",26,0.3,{"v":1.98,"d":"2.0"},{"v":5,"d":"5.0"},51.5]
["Cana-de-acucar",21,0.5,{"v":2.42,"d":"2.4"},7.9,50.8]
["Pomar domestico",43,0.1,{"v":0.82,"d":"0.8"},2.5,35.4]
["Horta domestica",6,0.3,3.6,{"v":11,"d":"11.0"},21.6]
["Gramas",1,13.5,13.5,13.5,13.5]
["Outras florestais",2,{"v":5,"d":"5.0"},{"v":6.45,"d":"6.5"},7.9,12.9]
["Feijao",9,0.2,{"v":1.24,"d":"1.2"},{"v":3,"d":"3.0"},11.2]
["Capim-gordura",4,1.8,2.7,{"v":4,"d":"4.0"},10.8]
["Milho-silagem",1,{"v":8,"d":"8.0"},{"v":8,"d":"8.0"},{"v":8,"d":"8.0"},{"v":8,"d":"8.0"}]
["Pinus",3,{"v":1,"d":"1.0"},{"v":2,"d":"2.0"},{"v":4,"d":"4.0"},{"v":6,"d":"6.0"}]
["Cafe",3,0.5,1.8,2.5,5.4]
["Laranja",3,{"v":1,"d":"1.0"},{"v":1.67,"d":"1.7"},{"v":2,"d":"2.0"},{"v":5,"d":"5.0"}]
["Banana",6,0.5,{"v":0.75,"d":"0.8"},{"v":2,"d":"2.0"},4.5]
["Abacate",1,{"v":2,"d":"2.0"},{"v":2,"d":"2.0"},{"v":2,"d":"2.0"},{"v":2,"d":"2.0"}]
["Mandioca",2,0.5,0.5,0.5,{"v":1,"d":"1.0"}]
["Outras frutiferas",2,0.5,0.5,0.5,{"v":1,"d":"1.0"}]
["Fonte: Secretaria de Agricultura e Abastecimento, CDRS/IEA, Projeto LUPA."]